| 000 | 01571cam a22004215a 4500 | ||
|---|---|---|---|
| 001 | 12766356 | ||
| 003 | SISC | ||
| 005 | 20160601102736.0 | ||
| 008 | 020507s2002 nyuab j 000 0beng d | ||
| 010 | _a 2002280612 | ||
| 020 | _a9780448424958 | ||
| 035 | _a(OCoLC)ocm49211684 | ||
| 040 |
_aVVW _cVVW _dCPL _dDLC |
||
| 042 | _alccopycat | ||
| 043 | _an-us--- | ||
| 050 | 0 | 0 |
_aE 302.6. F8 _bF725 2002 |
| 100 | 1 | _aFradin, Dennis B. | |
| 245 | 1 | 0 |
_aWho was Ben Franklin? / _cby Dennis Brindell Fradin ; illustrated by John O'Brien. |
| 246 | 3 | 0 | _aBen Franklin |
| 260 |
_aNew York : _bGrosset & Dunlap, _cc2002. |
||
| 300 |
_a105 p. : _bill., maps ; _c20 cm. |
||
| 440 | 0 | _aWho was-- ? | |
| 520 | _aA biography of the eighteenth-century printer, publisher, inventor, scientist, and statesman who played an influential role in the early history of the United States. | ||
| 600 | 1 | 0 |
_aFranklin, Benjamin, _d1706-1790 _vJuvenile literature. |
| 600 | 1 | 1 |
_aFranklin, Benjamin, _d1706-1790. |
| 650 | 0 |
_aStatesmen _zUnited States _vBiography _vJuvenile literature. |
|
| 650 | 0 |
_aScientists _zUnited States _vBiography _vJuvenile literature. |
|
| 650 | 0 |
_aInventors _zUnited States _vBiography _vJuvenile literature. |
|
| 650 | 0 |
_aPrinters _zUnited States _vBiography _vJuvenile literature. |
|
| 650 | 1 | _aStatesmen. | |
| 650 | 1 | _aScientists. | |
| 650 | 1 | _aInventors. | |
| 650 | 1 | _aPrinters. | |
| 700 | 1 |
_aO'Brien, John, _d1953- _eill. |
|
| 906 |
_a7 _bcbc _ccopycat _d2 _encip _f20 _gy-gencatlg |
||
| 942 |
_2lcc _cBK |
||
| 999 |
_c294947 _d294947 |
||